Anorganická chémia 1

Bibliographic Details
Main Author: Sopková, Anna, 1927-1999 (Author)
Format: Book
Language:Slovak
PhysicalDescription:[4], 283, [24] s. ilustr., grafy, tab., sch. 4°
Published: Košice 1973
Series:Vysokoškolské učebné texty
Subjects:

MARC

LEADER 00000cam a2200000 a 4500
001 vtls008323171
003 SK-MaSNL
005 20260301135422.0
008 180814s1973 xo a f n 001 0 slo
015 |a SNBA1974 
035 |a SK01SNK19740015388 
035 |a SKM000017851 
040 |a SNK  |b slo  |c SNK  |e AACR2 
041 0 |a slo 
044 |a xo  |c SK 
080 |a 546(075.8)  |2 1981 
100 1 |a Sopková, Anna,  |d 1927-1999  |4 aut  |9 221519 
245 1 0 |a Anorganická chémia 1  |c Anna Sopková 
260 |a Košice  |f UPJŠ  |c 1973 
300 |a [4], 283, [24] s.  |b ilustr., grafy, tab., sch.  |c 4° 
366 |e 350 výtl. 
490 1 |a Vysokoškolské učebné texty 
504 |a Bibliografia. Vecný regiter 
650 0 7 |a anorganická chémia  |2 SNKPH  |9 850 
655 7 |a učebnice vysokých škôl  |2 SNKPH  |9 70191 
810 2 |a Univerzita Pavla Jozefa Šafárika v Košiciach  |t Vysokoškolské učebné texty  |9 189505 
830 0 |a Vysokoškolské učebné texty  |9 276539 
954 |a odborná, vedecká literatúra pôvodná (slovenská)  |2 lita 
958 |a OND 
958 |a RM 
958 |a RK 
958 |a NB 
958 |a UV 
999 |c 760132  |d 762062 
952 |a SNK  |b SNK  |y PREZ  |7 0  |p 17A0901226  |o snkSB 20309/1  |i snkKSP 743/74  |0 0  |1 0  |4 0  |d 2014-04-09  |f 1  |l 0  |r 2025-03-25 00:00:00  |w 2026-02-24 
952 |a SNK  |b SNK  |y VYP  |7 0  |p 17A1348705  |o snkSB 20309/1 D1  |i snkKSP 744/74  |8 3  |0 0  |1 0  |4 0  |d 2014-04-09  |l 0  |r 2026-02-24 00:01:54  |w 2026-02-24